15 principales países con muertes de Covid-19 - 26 mar 2021 - Estadísticas

Estadísticas generales
  • Esta prueba ha sido intentada 5 veces
  • La puntuación promedio es 17 de 25
Estadísticas de respuestas
país % Correcto
Alemania
100%
Argentina
100%
Brasil
100%
España
100%
Estados Unidos
100%
Francia
100%
Italia
100%
Rusia
100%
Colombia
80%
India
80%
Irán
80%
Perú
80%
Bélgica
60%
México
60%
Polonia
60%
Portugal
60%
Reino Unido
60%
Sudáfrica
60%
Bulgaria
40%
Eslovaquia
40%
Eslovenia
40%
Hungría
40%
Bosnia y Herzegovina
20%
Chequia
20%
Macedonia del Norte
20%
No se encontraron pruebas coincidentes
Distribución de puntuación
Porcentaje de gente con cada puntuación
Porcentaje por número respondido
Historial de tus puntuaciones
No has intentado esta prueba.